Normal view
MARC view
- Calculus with applications
Entry Topical Term
001 - CONTROL NUMBER
- control field: 113439
003 - CONTROL NUMBER IDENTIFIER
- control field: NUST
005 - DATE AND TIME OF LATEST TRANSACTION
- control field: 20230707091336.0
008 - FIXED-LENGTH DATA ELEMENTS
- fixed length control field: 230707|| aca||aabn | a|a d
040 ## - CATALOGING SOURCE
- Original cataloging agency: NUST
- Transcribing agency: NUST
150 ## - HEADING--TOPICAL TERM
- Topical term or geographic name entry element: Calculus with applications
670 ## - SOURCE DATA FOUND
- Source citation: Work cat.: (NUST)180330: Hart, William L. 113437, Calculus with applications: , 1973
